La céramique italienne au XVe siècle / (Record no. 159910)

MARC details
000 -LEADER
campo de control de longitud fija 00749nam a22002175i 4500
001 - NÚMERO DE CONTROL
campo de control 159910
003 - IDENTIFICADOR DE NÚMERO DE CONTROL
campo de control ES-MaACL
005 - FECHA Y HORA DE LA ÚLTIMA TRANSACCIÓN
campo de control 20230906211853.0
008 - DATOS DE LONGITUD FIJA--INFORMACIÓN GENERAL
campo de control de longitud fija 990421s1888 fr a |||| | fre d
040 ## - FUENTE DE CATALOGACIÓN
Centro catalogador/agencia de origen CCPB | B
Lengua de catalogación spa
Centro/agencia transcriptor CCPB | B
100 0# - ENTRADA PRINCIPAL--NOMBRE DE PERSONA
Nombre de persona Molinier, Emile.
9 (RLIN) 82010
245 13 - MENCIÓN DEL TÍTULO
Título La céramique italienne au XVe siècle /
Mención de responsabilidad, etc. par Émile Molinier.
260 ## - PUBLICACIÓN, DISTRIBUCIÓN, ETC.
Lugar de publicación, distribución, etc. Paris :
Nombre del editor, distribuidor, etc. Ernest Leroux, Editeur,
Fecha de publicación, distribución, etc. 1888.
300 ## - DESCRIPCIÓN FÍSICA
Extensión [6], 88 p. :
Otras características físicas il. ;
Dimensiones 16 cm.
490 1# - MENCIÓN DE SERIE
Mención de serie Petite Bibliothèque d'Art et d'Archéologie ;
Designación de volumen o secuencia 7
597 ## - NOTA DE DESCRIPCIÓN FÍSICA
NOTA DE DESCRIPCIÓN FÍSICA Port. a dos tintas.
650 #4 - PUNTO DE ACCESO ADICIONAL DE MATERIA--TÉRMINO DE MATERIA
Término de materia o nombre geográfico como elemento de entrada Cerámica italiana-
Subdivisión cronológica S.XV.
9 (RLIN) 135757
830 0# - PUNTO DE ACCESO ADICIONAL DE SERIE-TÍTULO UNIFORME
Título uniforme Petite Bibliothèque d'Art et d'Archéologie ;
Designación de volumen o secuencia 7
9 (RLIN) 184434
852 ## - LOCALIZACIÓN
Ubicación ES-MaACL
Número de control de estantería F-2722
Nota libre -- Rust.
Holdings
Estatus retirado Estado de pérdida Estado de daño No para préstamo Colección Biblioteca de origen Biblioteca actual Ubicación en estantería Fecha de adquisición Fuente de adquisición Total de préstamos Signatura topográfica completa Código de barras Visto por última vez Precio de reemplazo Tipo de ítem Koha
        Libros del s. XIX Biblioteca del Ateneo de Madrid Biblioteca del Ateneo de Madrid Depósito 2 17/01/2008     F-2722 1167404 23/02/2023 23/02/2023 Libro impreso antiguo